Искусство Монголии с древнейших времен до начала ХХ века. (Бичлэгийн дугаар. 1155374)

MARC дэлгэрэнгүй
000 -Удирдлага
Ном зүйн бүртгэл тоо буюу кодлох утгыг агуулсан 03504nam a22002537a 4500
003 - ХЯНАЛТЫН ТОО ТОДОРХОЙЛОГЧ
Код MN-UlNLM
005 - ХАМГИЙН СҮҮЛИЙН ҮЕИЙН ХЭЛЦЛИЙН ОГНОО БА ЦАГ
Тухайн бичилтийг бичсэн засварласан сүүлийн огноо. 20250130110222.0
008 - ЕРӨНХИЙ МЭДЭЭЛЭЛ-ЭЛЕМЕНТҮҮДИЙН ӨГӨГДЛИЙН УРТ
fixed length control field 250130s1984 rur||||| |||| 00| 0 rus d
040 ## - ЭХ СУРВАЛЖИЙГ ТОДОРХОЙЛОН БИЧИХ
Анхны каталогийн байгууллага UB01000001
Каталогийн хэл Монгол
Бичлэг хийж нэвтрүүлэх байгууллага MN-UlNLM
Өөрчлүүлэх байгууллага MN-UlNLM
Бичиглэлийн тодорхойлолт rda
041 ## - ХЭЛНИЙ КОД
Текстийн хэлний код/фонограм буюу салангид гарчиг Орос
043 ## - GEOGRAPHIC AREA CODE
Geographic area code e-ru---
084 ## - БУСАД АНГИЛЛЫН ДУГААР
Ангиллын нэр Аравтын ангилал
Анги 7
Зохиогчийн 3-н тэмдэгт Ц 85
Шинжлэх ухааны мэдлэгийн салбар Соёл, шинжлэх ухаан, боловсрол - 7
100 #0 - ЗОХИОГЧИЙН ХЭСЭГ
Зохиогчийн нэр Ням-Осорын Цултэм
Зохиогчийн огноо 1923 онд Арханай аймгийн Өндөр-Улаан суманд төрсөн
Зохиогчийн хэргэм / зэрэг Монгол Улсын Хөдөлмөрийн баатар, Ардын Зураач, Урлагийн Гавьяат Зүтгэлтэн, Төрийн шагналт зураач юм.
245 #0 - ҮНДСЭН ГАРЧИГ
Гарчиг Искусство Монголии с древнейших времен до начала ХХ века.
Гарчигт хамааралтай мэдээ Жанр: монография, востоковедение, история искусств
Оролцогчдын тухай мэдээ Зохиогч Ням-Осорын Цултэм Под редактор: Т.В.Сергеевой Рецензенты: Н.А.Виноградова
264 #1 - ГАРАЛТЫН МЭДЭЭ
Хэвлэгдсэн газар Изобразительное искусство
Бүтээгч, хэвлэгч, түгээгч, үйлдвэрлэгчийн нэр Москва
Хэвлэгдсэн он 1984
300 ## - ТООНЫ МЭДЭЭ
Хуудасны тоо 227 хуудастай
Бусад тоон мэдээлэл Зурагтай текст
Хэмжээ 22см
505 ## - FORMATTED CONTENTS NOTE
Formatted contents note Автор книги – народный художник МНР Цултэм Ням-Осорын поставил перед собой задачу обрисовать картину переплетения многочисленных культурных истоков, взаимодействующих в течение многих веков на территории Монголии, выявить и проследить, как этап за этапом формировался неповторимый облик монгольского искусства.
Title От автора--
-- Памятники культуры первобытнообщиного строя на территории монголии--
-- Искусство пеида древвних государст на территории монголииXII-XIV веков--
-- Искусство срдневековой монголии XV-XVII века--
-- Архитектура Монголии 16-началла 20 века--
-- Скульптура монголии 17-начала 20 века Дзанабадзар и его школа--
-- Живопись Монголии 16 середины 19 века--
-- Культура Монголии конца 21-начала 20 века Живопись конца 21 начала 20 века--
-- Декоративно-прикладно искусство Монголии--
-- Заключение--
-- Иллюстрации--
-- Библиография--
-- Список иллюстраций--
-- условные сокращения
650 ## - Сэдэв
Сэдэв Урлаг спорт
651 ## - ГАЗАРЗҮЙН БАЙРШИЛ
Байршлийн нэр Москва (орос)
700 ## - ХАМ ЗОХИОГЧИД
Хам зохиогчид Под редактор: Т.В.Сергеевой Рецензенты: Н.А.Виноградова
880 #4 - ALTERNATE GRAPHIC REPRESENTATION
Linkage 245-01(N
a Искусство Монголии с древнейших времен до начала ХХ века.Art of Mongolia from ancient times to the beginning of the twentieth century.
b Жанр: монография, востоковедение, история искусств:Genre: monograph, oriental studies, art history
c Под редактор: Т.В.Сергеевой Рецензенты: Н.А.Виноградова :Edited by: T.V. Sergeeva Reviewers: N.A. Vinogradova
880 #4 - ALTERNATE GRAPHIC REPRESENTATION
Linkage 264-02(N
a Moscow
b 1984
942 ## - ЭЛЕМЕНТИЙН ТӨРӨЛ
Анги Аравтын ангилал
Төрөл Ном
Захиалгууд
Буцаан татагдсан төлөв Хасагдсан шалтгаан Гэмтсэн төлөв Данс заагч Захиалах боломжгүй Үндсэн номын сан Одоогийн байршил Салбар танхим Салбар танхим Бүртгэсэн огноо Бүрдүүлэлтийн эх үүсвэр Тавиурын заалт Баркод Үнэ Хамгийн сүүлд байсан огноо Нийт уншлаганд гарсан тоо Дансны дугаар Ангиллын нэр Төрөл
          МУҮндэсний Номын сан МУҮндэсний Номын сан МУҮНС төв | Монгол судлал фонд МУҮНС төв | Монгол судлал фонд 2025-01-30 Солилцоо 7 Ц 85 002220015354 16.00 2025-01-30   15354 Аравтын ангилал Ном